|
|
|
|
| LEADER |
00000cam a22000004a 4500 |
| 001 |
musev2_220 |
| 003 |
MdBmJHUP |
| 005 |
20230905040044.0 |
| 006 |
m o d |
| 007 |
cr||||||||nn|n |
| 008 |
090831s2010 ctu o 00 0 eng d |
| 010 |
|
|
|z 2009036033
|
| 020 |
|
|
|a 9780819571083
|
| 020 |
|
|
|z 9780819567024
|
| 035 |
|
|
|a (OCoLC)726747135
|
| 040 |
|
|
|a MdBmJHUP
|c MdBmJHUP
|
| 043 |
|
|
|a n-us---
|
| 050 |
0 |
4 |
|a GV1588.6
|b .W66 2010
|
| 082 |
0 |
|
|a 792.80895073
|2 22
|
| 100 |
1 |
|
|a Wong, Yutian.
|
| 245 |
1 |
0 |
|a Choreographing Asian America /
|c Yutian Wong.
|
| 264 |
|
1 |
|a Middletown, Conn. :
|b Wesleyan University Press,
|c 2010.
|
| 264 |
|
3 |
|a Baltimore, Md. :
|b Project MUSE,
|c 2011
|
| 264 |
|
4 |
|c ©2010.
|
| 300 |
|
|
|a 1 online resource (280 pages).
|
| 336 |
|
|
|a text
|b txt
|2 rdacontent
|
| 337 |
|
|
|a computer
|b c
|2 rdamedia
|
| 338 |
|
|
|a online resource
|b cr
|2 rdacarrier
|
| 504 |
|
|
|a Includes bibliographical references (p. 241-260) and index.
|
| 588 |
|
|
|a Description based on print version record.
|
| 650 |
|
0 |
|a Asian Americans and mass media.
|
| 650 |
|
0 |
|a Asian Americans
|x Cultural assimilation.
|
| 650 |
|
0 |
|a Asian Americans
|x Ethnic identity.
|
| 650 |
|
0 |
|a Choreography
|z United States.
|
| 650 |
|
0 |
|a Dance
|x Anthropological aspects
|z United States.
|
| 655 |
|
7 |
|a Electronic books.
|2 local
|
| 710 |
2 |
|
|a Project Muse.
|e distributor
|
| 830 |
|
0 |
|a Book collections on Project MUSE.
|
| 856 |
4 |
0 |
|z Texto completo
|u https://projectmuse.uam.elogim.com/book/220/
|
| 945 |
|
|
|a Project MUSE - Custom Collection
|
| 945 |
|
|
|a Project MUSE - 2010 Film, Theater and Performing Arts
|
| 945 |
|
|
|a Project MUSE - Archive American Studies Foundation
|
| 945 |
|
|
|a Project MUSE - 2010 Complete
|